| 000 | 00700cab a22001935a 4500 | ||
|---|---|---|---|
| 001 | L158308 | ||
| 008 | 141204e20141122xxk 000 0 eng d | ||
| 035 | _a(Sirsi) u158308 | ||
| 041 | 0 | _aeng | |
| 100 | 1 | _aMaw, Samuel | |
| 245 | 0 | 0 | _aWhere are the boundaries? |
| 260 | _c2014 | ||
| 490 |
_aEstates Gazette _v(1447) 22 November 2014, 105(1) |
||
| 520 | _aAdvice on identifying the correct boundary and mitigating the risk of a dispute. Tips include not relying on the boundary as shown by Land Registry plans and retaining the pre-registration deeds before submitting any planning application. | ||
| 590 | _aKA | ||
| 651 | 4 | _aUnited Kingdom | |
| 690 |
_aDispute resolution _96236 |
||
| 942 | _n0 | ||
| 999 |
_c84556 _d84556 |
||